| 000 | 00997nam a22002057a 4500 | ||
|---|---|---|---|
| 005 | 20210914082346.0 | ||
| 008 | 210909b ||||| |||| 00| 0 eng d | ||
| 040 |
_aCO-BoUCM _cDeissy Garcia _dDeissy Garcia |
||
| 041 | _aspa | ||
| 110 | 1 |
_aColombia _bContraloría General de la República _93390 |
|
| 245 | 1 | 0 |
_aII informe de seguimiento al proceso restitución de tierras, sistema de indicadores de la CGR para el seguimiento y monitoreo a la restitución de tierras, octubre 2013 _cContraloría General de la República |
| 260 |
_aBogotá _bContraloría General de la República _c2013 |
||
| 300 | _a100 páginas + CD | ||
| 504 | _aIncluye referencias bibliográficas | ||
| 650 | 7 |
_aRestitución de tierras _vInformes _y2012-2013 _zColombia _9106125 |
|
| 650 | 7 |
_aRestitución de tierras _vInformes _xReclamaciones _y2012-2013 _zColombia _9106126 |
|
| 700 |
_aViana Saldarriaga, Jaime _eeditor _9105650 |
||
| 942 |
_2DEWEY _a8 _cLIBRO _e1 _h333.73 _mC718i _n0 |
||
| 999 |
_c319472 _d319472 |
||